| 000 | 00508nam a2200145 i 4500 | ||
|---|---|---|---|
| 001 | 25895 | ||
| 003 | ES-MaACL | ||
| 005 | 20230906153341.0 | ||
| 007 | t| | ||
| 008 | 030103s1905 sp ||||1| fre d | ||
| 100 | 1 |
_aArnáiz, Ricardo Lucio. _923021 |
|
| 245 | 1 | 3 |
_aLe triomphe de la science nouvelle _b: soi mecanique qui régule l'univers dans toutes ses manifestations / _cRicardo Lucio Arnáiz. |
| 260 |
_aMadrid : _b[s.n., _c1905] ( _fEst. Tip. de los Hijos de R. Alvarez) |
||
| 852 |
_aES-MaACL _jT-1230-F-13 |
||
| 999 |
_c25895 _d25895 |
||